Statistiques concernant Top 15 des villes les plus peuplées de Corse

Cliquez ici pour prendre le quiz!

Statistiques générales

  • Ce quiz a été pris 107 fois
  • Le résultat moyen est 7 sur 15

Statistiques - réponses

PopulationsVilles% Correct
73 822Ajaccio
100%
48 768Bastia
99%
11 229Porto-Vecchio
86%
5 746Calvi
80%
7 654Corte
76%
9 678Borgo
51%
3 570Sartène
51%
3 741Propriano
44%
6 032Furiani
36%
7 654Biguglia
31%
4 248Ghisonaccia
28%
6 091Lucciana
16%
4 251Bastelicaccia
13%
3 587Alata
7%
3 737Prunelli-di-Fiumorbo
2%

Distribution des résultats

Percentile par nombre de réponses

% des personnes avec chaque résultat

Votre développement - résultats

Vous n’avez pas pris ce quiz